000 00599nam a2200205Ia 4500
005 20250923144910.0
008 008 250917s9999 xx 000 0 eng d
037 _aTextual
040 _aDSWL
_beng
_cDSWL
041 _aeng
_2eng
084 _aX, K3
_qDSWL
100 _aHiggins, Benjamin
_9829572
245 0 _aEconomic development, principles, problems, and politics
_cby Benjamin Higgins
260 _aAllahabad
_bCentral book Depot
_c1963
300 _axviii,803p.
365 _aINR
_b12.50
925 _g12.50
942 _cTEXL
_hX, K3
999 _c1444740
_d1444740